1984 1479 1053 1486 1281 1230 1321 1356 1609 1574 1772 1328 1514 1593 1259 1841 1693 1697 1287 1095 1274 1837 1727 1997 1997 1003 1564 1818 1181 1554 1167 1684 1715 1605 1562 1571 1025 1432 1601 1087 2000 1365 1423 1640 1594 1044 1589 1620 1108 1306 1926 1508 1284 1703 1369 1482 1881 1932 1029 1909 1766 1383 1682 1659 1229 1461 1842 1105 1909 1011 1599 1647 1340 1784 1150 1993 1645 1271 1380 1115 1894 1764 1545 1862 1678 1732 1366 1756 1958 1075 1231 1024 1444 1202 1225 1433 1895 1855 1066 BCNSPRNW ULIB Ver.6.0+V

เปลี่ยนเป็นภาษาไทย

Change to English
 แสดงรายละเอียดบรรณานุกรม
  กลับหน้าหลัก

Brief Record : Get Marc (ISO 2709) : E-mail record : QR code < ปิดหน้าต่าง
LEADER : 00000nam 2200000uu 4500
001    13399128466
003     ULIB
008    020711s2023 th a 000 0 eng d
020    ^a9780323812719
060    ^aWY100.4^bM337A
100    ^aMarina Reyna Martinez-Kratz and Mary Beth Flynn Makic (Editor)
245    ^aAckley & Ladwig s Guide to Nursing Diagnosis
250    ^a7th ed
260    ^aSt. Louis, Missouri :^bElsevier,^c2023
300    ^a958 pages;^c19cm
650    ^aNursing Diagnosis -- methods -- Handbooks
945    ^p2360^l0^i010210
999    ^aประนอม เกษจรัล
รายการนี้ยังไม่มีแท็ก
คุณยังไม่ได้ล็อกอิน คุณสามารถมีกิจกรรมร่วมกับเว็บไซต์ได้ แต่ต้องล็อกอินก่อน ::
  ล็อกอิน

รายการสื่อสารสนเทศ

ลำดับที่ ประเภท เลขเรียก/บาร์โค้ด สถานที่ สถานะ
1. Book การพยาบาล
หนังสือสำรอง
สถานะ=หนังสือสำรอง
WY100.4 M337A ฉ.1 
  Barcode: 010210
ห้องสมุดวิทยาเขตสวรรค์ประชารักษ์
►หนังสือทั่วไป
บนชั้น

BibComment


ยังไม่เคยถูกคอมเมนท์

คอมเมนท์ทรัพยากรรายการนี้
  คอมเมนท์: Ackley Ladwig s..


 Copyright 2026. Bcnsprnw @Library